000 00625nam a2200193Ia 4500
003 GCL
008 140319s9999 xx 000 0 ara d
040 _aGCL /
_cGCL
082 0 4 _a813.01
_bى ح
100 1 _aيحيى الطاهر عبدالله
245 1 0 _aحكايات للامير حتى ينام /
_cيحيى الطاهر عبدالله
300 _a140 ص
490 _aافاق الكتابة
_v0
650 0 4 _aالقصص العربية
650 0 4 _aالقصص القصيرة
650 0 4 _aالادب العربى - العصر الحديث
650 0 4 _aالقصص العربية - مصر
942 _2ddc
_cBK
999 _c50750
_d50750